[Event "Bundesliga 8283"]
[Site "Germany"]
[Date "1983.??.??"]
[Round "?"]
[White "Budde, Vladimir"]
[Black "Reefschlaeger, Helmut"]
[Result "0-1"]
[WhiteElo "2335"]
[BlackElo "2380"]

1.c4 c6 2.e4 d5 3.exd5 cxd5 4.cxd5 Nf6 5.Nc3 g6 6.Bb5+ Nbd7 7.Nge2 Bg7 8.d3 O-O
9.Bc4 Nb6 10.Qb3 Ng4 11.a4 Ne5 12.O-O Nbxc4 13.dxc4 Qc7 14.Bg5 f6 15.c5 Qxc5
16.Be3 Qc4 17.Qa3 Rf7 18.b3 Qg4 19.f3 Qd7 20.Rfd1 a6 21.a5 Qe8 22.Na4 e6
23.d6 Bd7 24.Nc5 Bc6 25.Nf4 Nd7 26.b4 Nxc5 27.bxc5 f5 28.Rab1 g5 29.Ne2 f4
30.Bc1 h5 31.Bb2 e5 32.Nc3 g4 33.Nd5 gxf3 34.gxf3 Qe6 35.Qd3 Rd8 36.Kh1 Qh3
37.Qe4 Kh8 38.Rg1 Re8 39.Rg5 Bf6 40.Rg6 Rg8 41.Rxg8+ Kxg8 42.d7 Bxd5 43.Qxd5 Qxd7
44.Rg1+ Kf8 45.Qe4 Qc6 46.Qe2 e4 47.fxe4 Bxb2 48.Qxb2 Qxe4+ 49.Rg2 Ke7 50.Kg1 Qe1+  0-1

[Event "Bundesliga 8283"]
[Site "Germany"]
[Date "1983.??.??"]
[Round "?"]
[White "Robatsch, Karl"]
[Black "Hermann, Manfred"]
[Result "1/2-1/2"]
[WhiteElo "2410"]
[BlackElo "2365"]

1.c4 c6 2.d4 d5 3.Nf3 Nf6 4.e3 e6 5.Bd3 Nbd7 6.O-O Bd6 7.Nc3 O-O 8.e4 dxc4
9.Bxc4 e5 10.Bg5 Qe7 11.d5 h6 12.Bh4 Rd8 13.Rc1 Nf8 14.dxc6 bxc6 15.Qa4 Bd7
16.Rfd1 Ng6 17.Rd2 Bc5 18.Rcd1 Nxh4 19.Nxh4 Ng4 20.Nf3 Rab8 21.Qc2 a5 22.h3 Nf6
23.a3 Rb7 24.Na4 Ba7 25.Ba6 Rc7 26.Bd3 Ra8 27.Bf1 Be8 28.Bc4 g6 29.Re1 Rd7
30.Qc3 Rxd2 31.Qxd2 Kg7 32.Qc3 Nd7 33.Bb3 Qf6 34.Rc1 Rb8 35.Bd1 Bd4 36.Nxd4 exd4
37.Qxc6 Ne5 38.Qxf6+ Kxf6 39.Rc5 Bxa4 40.Bxa4  1/2-1/2

[Event "Bundesliga 8283"]
[Site "Germany"]
[Date "1983.??.??"]
[Round "?"]
[White "Kestler, Hans Guenther"]
[Black "Heidrich, Manfred"]
[Result "1-0"]
[WhiteElo "2395"]
[BlackElo "2225"]

1.c4 c6 2.e4 d5 3.exd5 cxd5 4.d4 Nf6 5.Nc3 e6 6.Nf3 Be7 7.cxd5 Nxd5 8.Bb5+ Bd7
9.Bxd7+ Nxd7 10.Nxd5 exd5 11.Qb3 Nb6 12.O-O O-O 13.Bf4 Bd6 14.Bg3 Bxg3 15.hxg3 Qd6
16.Rac1 Nc4 17.Rfe1 b5 18.Re2 Rfe8 19.Rxe8+ Rxe8 20.Qxb5 Rb8 21.Qa4 Rxb2
22.Qxa7 h6 23.Re1 Qb8 24.Qd7 Nd6 25.Ne5 Rxa2 26.Nxf7 Qb2 27.Re8+ Nxe8 28.Qxe8+ Kh7
29.Qh8+ Kg6 30.Ne5+ Kf6 31.Qf8+  1-0

[Event "Bundesliga 8283"]
[Site "Germany"]
[Date "1983.??.??"]
[Round "?"]
[White "Kestler, Hans Guenther"]
[Black "Hermann, Manfred"]
[Result "1/2-1/2"]
[WhiteElo "2405"]
[BlackElo "2335"]

1.c4 c6 2.e4 d5 3.exd5 cxd5 4.d4 Nf6 5.Nc3 Nc6 6.Nf3 Bg4 7.cxd5 Nxd5 8.Qb3 Bxf3
9.gxf3 Nb6 10.d5 Nd4 11.Qd1 e5 12.dxe6 fxe6 13.Be3 Bc5 14.b4 Qf6 15.bxc5 Nxf3+
16.Ke2 O-O 17.cxb6 Rad8 18.Qc2 Nd4+ 19.Bxd4 Qxd4 20.Ne4 Qxa1 21.Bg2 Qe5 22.Rb1 Qxh2
23.Kf1 axb6 24.Qb3 Qh6 25.Qxb6 Ra8 26.Qxb7 Rxa2 27.Qb3 Ra5 28.Qc3 Qh5 29.Re1 Qe5
30.Qxe5  1/2-1/2

[Event "Hamar op"]
[Site "Hamar"]
[Date "1983.??.??"]
[Round "4"]
[White "Davies, Nigel R"]
[Black "Berg, Klaus"]
[Result "1-0"]
[WhiteElo "2370"]
[BlackElo "2375"]

1.c4 c6 2.Nc3 d5 3.e3 Nf6 4.Nf3 g6 5.b3 Bg7 6.Bb2 O-O 7.Be2 Ne4 8.Qc2 Nxc3
9.Bxc3 Bxc3 10.Qxc3 Bg4 11.h3 Bxf3 12.Bxf3 e6 13.O-O Nd7 14.Rfc1 Qe7 15.d4 Rfc8
16.a3 a5 17.b4 axb4 18.axb4 Qe8 19.Rxa8 Rxa8 20.cxd5 cxd5 21.Qc7 Nf6 22.Qxb7 Rb8
23.Qa6 Qf8 24.b5 Qb4 25.Rc8+ Rxc8 26.Qxc8+ Kg7 27.Qc6 Qe1+ 28.Kh2 Qxf2 29.b6 Qxe3
30.Qc7 Qxd4 31.b7 Nd7 32.Qxd7 Qf4+ 33.Kg1 Qc1+ 34.Kf2 Qd2+ 35.Kf1 Qc1+ 36.Kf2 Qd2+
37.Kg1 Qc1+ 38.Kh2 Qf4+ 39.Kh1 Qc1+ 40.Bd1  1-0

[Event "Hannover"]
[Site "Hannover"]
[Date "1983.??.??"]
[Round "5"]
[White "Quinteros, Miguel A"]
[Black "Torre, Eugenio"]
[Result "1/2-1/2"]
[WhiteElo "2500"]
[BlackElo "2570"]

1.c4 c6 2.b3 d5 3.Bb2 Bg4 4.Nf3 Bxf3 5.gxf3 e6 6.e3 Nd7 7.f4 Nh6 8.Nc3 Nf5
9.cxd5 exd5 10.Bd3 Nd6 11.Ne2 Nf6 12.Qc2 Be7 13.Rg1 g6 14.Nd4 Rg8 15.Bf1 Nd7
16.Nf3 Qa5 17.Ne5 O-O-O 18.Bh3 f5 19.a3 Kb8 20.Bf1 Nxe5 21.fxe5 Nf7 22.b4 Qc7
23.d4 Ng5 24.O-O-O Rdf8 25.Kb1 Qd7 26.Bc1 f4 27.exf4 Nh3 28.Bxh3 Qxh3 29.Qd3 Qe6
30.Rg3 Rf7 31.Qf1 Rgg7 32.Qh3 Rf5 33.Rb3 Bd8 34.Qd3 Rh5 35.h3 Rc7 36.Rh1 Be7
37.Ka2 Bf8 38.Bd2 Rf5 39.b5 c5 40.dxc5 Bxc5 41.f3 Be7 42.Rc1 Rxc1 43.Bxc1 Rf8
44.Rb2 d4+ 45.Qb3 Qxh3 46.b6 axb6 47.Qxb6 Qd7 48.Bd2 Rc8 49.Qb3 Rc6 50.Qg8+ Bd8
51.Bb4 Ka7 52.Bd6 Bc7 53.Qd5 Bxd6 54.Qxd4+ Kb8 55.exd6 Rxd6 56.Qe5 Ka7 57.Qa5+ Kb8
58.Qe5 Qc7 59.Qe8+ Qc8 60.Qxc8+ Kxc8 61.Rh2 Rd7 62.f5 gxf5 63.Rh5 Rf7 64.Kb3 Kd7
65.Rh6 Ke7 66.Kc4 Kf8 67.Kd5 Kg7 68.Rb6 Re7 69.a4 h5 70.a5 h4 71.Rb4 Kf6
72.Rxh4 Re5+ 73.Kd4 Rxa5 74.Ke3 Rb5 75.Rh8 Ke5 76.Re8+ Kd6 77.Rd8+ Ke6 78.Re8+ Kd7
79.Rb8 Kc6 80.Rc8+ Kd5 81.Rd8+ Kc6 82.Rc8+ Kd7 83.Rb8 Kc7 84.Rf8 Rd5 85.Kf4 Kc6
86.Rxf5 Rxf5+ 87.Kxf5 Kd5 88.Kg6 b5 89.f4  1/2-1/2

[Event "Indonesia"]
[Site "Indonesia"]
[Date "1983.??.??"]
[Round "6"]
[White "Adorjan, Andras"]
[Black "Kovacevic, Vlatko"]
[Result "1/2-1/2"]
[WhiteElo "2535"]
[BlackElo "2540"]

1.c4 c6 2.d4 d5 3.Nf3 Nf6 4.Nc3 dxc4 5.a4 Na6 6.e3 Bg4 7.Bxc4 e6 8.h3 Bh5
9.Qe2 Nb4 10.O-O Be7 11.b3 O-O 12.Bb2 Qc7 13.g4 Bg6 14.Nh4  1/2-1/2

[Event "URS-ch sf"]
[Site "Irkutsk"]
[Date "1983.??.??"]
[Round "?"]
[White "Palatnik, Semon"]
[Black "Bykhovsky, Avigdor"]
[Result "1-0"]
[WhiteElo "2480"]
[BlackElo "2445"]

1.c4 c6 2.d4 d5 3.Nf3 Nf6 4.Qc2 e6 5.g3 dxc4 6.Qxc4 b5 7.Qc2 Bb7 8.Bg2 Be7
9.O-O O-O 10.Nbd2 Nbd7 11.Nb3 a5 12.Bg5 h6 13.Bxf6 Bxf6 14.Rac1 a4 15.Nc5 Nxc5
16.Qxc5 Be7 17.Qc2 Rc8 18.Rfd1 Qb6 19.Ne5 Rfd8 20.Qe4 Rc7 21.Qf3 Bf6 22.Ng4 Bg5
23.e3 Rdc8 24.Rc5 Be7 25.Rdc1 Bxc5 26.Rxc5 f5 27.Ne5 Qa5 28.Qd1 Rd8 29.h4 Qb6
30.Qc2 Qa5 31.Nd3 Rd6 32.h5 g6 33.hxg6 Rg7 34.Ne5 Qe1+ 35.Bf1 h5 36.a3 b4
37.Qxa4 f4 38.gxf4 h4 39.Qxb4 Qd1 40.Rc1 c5 41.Qxb7  1-0

[Event "URS-ch sf"]
[Site "Minsk"]
[Date "1983.??.??"]
[Round "?"]
[White "Glek, Igor V"]
[Black "Bagirov, Vladimir"]
[Result "1/2-1/2"]
[WhiteElo "2200"]
[BlackElo "2500"]

1.c4 c6 2.d4 d5 3.Nf3 Nf6 4.Nc3 dxc4 5.e4 b5 6.e5 Nd5 7.Ng5 h6 8.Nge4 Bf5
9.g4 Bxe4 10.Nxe4 e6 11.Bg2 Bb4+ 12.Bd2 Bxd2+ 13.Qxd2 O-O 14.h4 c5 15.Nf6+ Kh8
16.dxc5 Nc6 17.Nxd5 exd5 18.f4 Rc8 19.O-O-O d4 20.Bxc6 Rxc6 21.Qxd4 Qxd4
22.Rxd4 Rxc5 23.Rhd1 g5 24.hxg5 hxg5 25.Rh1+ Kg7 26.Rh5 gxf4 27.Rxf4 Rc6
28.e6 Rxe6 29.Rxb5 Ra6 30.Kb1 Re8 31.Rb7 Re1+ 32.Kc2 Rxa2 33.Rfxf7+ Kh6 34.Rf4 Raa1
35.Rxc4 Rec1+ 36.Kb3 Rxc4 37.Kxc4 Kg5 38.Rg7+ Kf6 39.Rg8 a5 40.Kb3 a4+ 41.Kb4 Ra2
42.Kc3  1/2-1/2

[Event "Novi Sad"]
[Site "Novi Sad"]
[Date "1983.??.??"]
[Round "?"]
[White "Cabrilo, Goran"]
[Black "Bojkovic, Slobodan"]
[Result "1-0"]
[WhiteElo "2450"]
[BlackElo "2360"]

1.c4 c6 2.e4 e5 3.Nf3 Qa5 4.Nc3 Nf6 5.Be2 d6 6.O-O Bg4 7.d4 Bxf3 8.Bxf3 Nbd7
9.d5 c5 10.a3 Be7 11.Rb1 O-O 12.Be3 Rfc8 13.Qd3 a6 14.a4 Rab8 15.g3 Qd8 16.Bg2 Rc7
17.Bd2 b6 18.Bf3 Rcb7 19.Be2 Ne8 20.Be3 h6 21.Qd2 Bf6 22.h4 Nc7 23.b3 Nf8
24.Rb2 a5 25.Bg4 Ng6 26.f3 Qf8 27.Qc1 Rd8 28.Rg2 Na6 29.Nd1 Ne7 30.Nf2 Kh7
31.Bh3 Nc7 32.h5 Ne8 33.Nd3 Ng8 34.Rgf2 Qe7 35.Bg2 Bg5 36.f4 exf4 37.gxf4 Bh4
38.Re2 Ngf6 39.e5 Nxh5 40.Bf2 Kh8 41.Qe1 Bxf2+ 42.Qxf2 g6 43.Bh3 Neg7 44.Bg4 Rg8
45.Qh2 Kh7 46.Kh1 Ra7 47.Rg1 Qd8 48.Nf2 f5 49.Bf3 Rd7 50.Nd3 Qf8 51.Reg2 Qe8
52.Rxg6 Qxg6 53.Rxg6 Kxg6 54.Qh4 Kh7 55.Bxh5 Nxh5 56.Qxh5 Rdg7 57.Qxf5+  1-0

[Event "Novi Sad"]
[Site "Novi Sad"]
[Date "1983.??.??"]
[Round "?"]
[White "Plachetka, Jan"]
[Black "Bojkovic, Slobodan"]
[Result "1-0"]
[WhiteElo "2465"]
[BlackElo "2360"]

1.c4 c6 2.e4 e5 3.Nf3 d6 4.d4 Nd7 5.Nc3 Ngf6 6.g3 Qa5 7.Bd2 exd4 8.Nxd4 Qb6
9.Nb3 Ne5 10.Be3 Qc7 11.Rc1 h5 12.h3 Qe7 13.Nd4 g6 14.f4 Ned7 15.Bg2 Nc5
16.O-O Nfxe4 17.Nxe4 Nxe4 18.Bxe4 Qxe4 19.Re1 Bg4 20.Bf2  1-0

[Event "BUL-ch"]
[Site "Pernik"]
[Date "1983.??.??"]
[Round "5"]
[White "Velikov, Petar"]
[Black "Spiridonov, Nikola"]
[Result "1/2-1/2"]
[WhiteElo "2460"]
[BlackElo "2425"]

1.c4 c6 2.d4 d5 3.Nf3 Nf6 4.e3 g6 5.Nc3 Bg7 6.Bd3 O-O 7.O-O Bg4 8.h3 Bxf3
9.Qxf3 e6 10.b3 Nbd7 11.Bb2 Re8 12.Rad1 Qc7 13.Rfe1 Rad8 14.Bb1 a6 15.Qe2 Bf8
16.a3 Bg7 17.e4 dxe4 18.Nxe4 Nxe4 19.Bxe4  1/2-1/2

[Event "Prague"]
[Site "Prague"]
[Date "1983.??.??"]
[Round "10"]
[White "Pekarek, Ales"]
[Black "Meduna, Eduard"]
[Result "1-0"]
[WhiteElo "2335"]
[BlackElo "2475"]

1.c4 c6 2.d4 d5 3.cxd5 cxd5 4.Nc3 Nf6 5.Nf3 Nc6 6.Bf4 Bf5 7.e3 e6 8.Ne5 Nxe5
9.Bxe5 a6 10.Bd3 Bxd3 11.Qxd3 Nd7 12.Bg3 Be7 13.O-O O-O 14.Rfc1 Qa5 15.a3 Rfc8
16.b4 Qd8 17.Na4 b5 18.Nc5 Nb6 19.h3 Nc4 20.Rcb1 Qe8 21.a4 Bxc5 22.dxc5 bxa4
23.e4 Qc6 24.exd5 exd5 25.Qf5 a3 26.Rd1 Rd8 27.Re1 a5 28.Re7 Rf8 29.Rc7 Qa6
30.bxa5 Qxa5 31.Qxd5 Qc3 32.Rd1 a2 33.Rxf7 a1=Q 34.Ra7+ Kh8 35.Rdxa1 Rxa7
36.Rxa7 Qe1+ 37.Kh2 Nd2 38.h4 Nf1+ 39.Kh3 Nxg3 40.Rf7 Re8 41.Kxg3 Qc3+  1-0

[Event "Sarajevo"]
[Site "Sarajevo"]
[Date "1983.??.??"]
[Round "?"]
[White "Uhlmann, Wolfgang"]
[Black "Drasko, Milan"]
[Result "1/2-1/2"]
[WhiteElo "2505"]
[BlackElo "2330"]

1.c4 c6 2.d4 d5 3.Nc3 Nf6 4.Nf3 dxc4 5.a4 Bf5 6.e3 e6 7.Bxc4 Bb4 8.O-O Nbd7
9.Qe2 Bg6 10.e4 Bxc3 11.bxc3 Nxe4 12.Ba3 Qc7 13.Qe3 Nb6 14.Bb3 Nd5 15.Bxd5 exd5
16.c4 O-O-O 17.cxd5 Rxd5 18.Ne5 Re8 19.Rfe1 f6 20.Nc4 Bf7 21.h3 Rdd8 22.Nd2 Bd5
23.Nf1 Qf7 24.Qf4 g5 25.Qf5+ Qd7 26.Ne3 Qxf5 27.Nxf5 Kc7 28.f3 Nd2 29.Be7 Rd7
30.Bxf6 Rf8 31.Be5+ Kb6 32.a5+ Ka6 33.Ne3 Nb3 34.Ra3 Nxa5 35.Rb1 b6 36.Nc2 Bc4
37.Bg3 Bb5 38.d5 cxd5 39.Nd4 Bc4 40.Be1 Rc8 41.Bb4 Rdc7 42.Kh2 Rf7 43.Bd2 h6
44.g4 Rf6 45.Kg3 Re8 46.Nc2 d4 47.Nxd4 Rd6 48.Bc3 Rc8 49.Rba1 Kb7 50.Nf5 Re6
51.Bxa5 bxa5 52.Rxa5 a6 53.Rb1+ Ka7 54.Rc1 Kb6 55.Ra3 Rc5 56.Rac3 Rec6 57.Nxh6 a5
58.Nf5 Be6 59.Rb1+ Ka6 60.Rxc5 Rxc5 61.Nd4 Bd5 62.h4 gxh4+ 63.Kxh4 a4 64.f4 Rc4
65.Rd1 a3 66.Nc2 Bf3 67.Rd6+ Kb7 68.Kg3 Rc3 69.Nxa3 Rxa3 70.f5 Be2+ 71.Kh4 Ra4  1/2-1/2

[Event "Sarajevo"]
[Site "Sarajevo"]
[Date "1983.??.??"]
[Round "?"]
[White "Adorjan, Andras"]
[Black "Drasko, Milan"]
[Result "1/2-1/2"]
[WhiteElo "2530"]
[BlackElo "2330"]

1.c4 c6 2.Nc3 d5 3.d4 Nf6 4.Nf3 dxc4 5.a4 Bf5 6.Ne5 Nbd7 7.Nxc4 Qc7 8.g3 e5
9.dxe5 Nxe5 10.Bf4 Rd8 11.Qc1 Bd6 12.Nxd6+ Qxd6 13.Bg2 Qe7 14.O-O a5 15.Qe3 Nc4
16.Qa7 Qb4 17.Na2 Qb3 18.Nc1 Qxb2 19.Nd3 Qd4 20.Qxb7 O-O 21.Qxc6 Ne4 22.Rac1 Rc8
23.Qb5 Bd7 24.Be5 Nxe5 25.Qxe5 Nc3 26.Bf3  1/2-1/2

[Event "Silkeborg"]
[Site "Silkeborg"]
[Date "1983.??.??"]
[Round "1"]
[White "Bove Quist, Viggo"]
[Black "Knudsen, Per"]
[Result "0-1"]
[WhiteElo "2200"]
[BlackElo "2295"]

1.c4 c6 2.e4 e5 3.Nf3 d6 4.d4 Nd7 5.Nc3 Ngf6 6.Be2 Be7 7.O-O O-O 8.Rb1 a5
9.b3 Re8 10.Re1 Bf8 11.d5 Nc5 12.Bf1 Bg4 13.h3 Bh5 14.Bd3 Qc8 15.Bb2 b5 16.dxc6 bxc4
17.Bxc4 Qxc6 18.Bb5 Qb7 19.Bxe8 Rxe8 20.Qe2 Bg6 21.Nd2 d5 22.f3 d4 23.Na4 Nh5
24.Qc4 Ne6 25.Rbc1 Nef4 26.Nf1 Qe7 27.Kh2 Qh4 28.Qc2 f6 29.Red1 Bf7 30.a3 Be6
31.Nb6 Rb8 32.Nd5 Nxd5 33.exd5 Bxd5 34.Rd3 Qf4+ 35.Kg1 Qg5 36.Qd2 Nf4 37.Nh2 Nxd3
38.Qxd3 Rxb3 39.Rc2 Rxd3  0-1

[Event "Silkeborg"]
[Site "Silkeborg"]
[Date "1983.??.??"]
[Round "3"]
[White "Berg, Klaus"]
[Black "Velikov, Petar"]
[Result "1/2-1/2"]
[WhiteElo "2400"]
[BlackElo "2460"]

1.c4 c6 2.d4 d5 3.cxd5 cxd5 4.Nc3 Nf6 5.Nf3 Nc6 6.Bf4 Bf5 7.e3 e6 8.Bb5 Nd7
9.Qa4 Rc8 10.O-O a6 11.Bxc6 Rxc6 12.Rfc1 Rc4 13.Qd1 Be7 14.Nd2 Rc8 15.e4 dxe4
16.Ncxe4 Rxc1 17.Rxc1 O-O 18.Bc7 Qa8 19.Bd6 Bxd6 20.Nxd6 Bg6 21.Rc7 Nf6 22.Rxb7 Ne8
23.Rb6 Nxd6 24.Rxd6 Qb8 25.Rxa6 Qxb2 26.Nb3 Rc8 27.h3 h6 28.Ra7 Rc3 29.Qe1 Rd3
30.Rc7 Kh7 31.Kh2 Qa3 32.Qe5 Rd1 33.Nc5 Qxa2 34.Kg3 h5 35.h4 Qc4 36.Ne4 Qxd4
37.Ng5+ Kh6 38.Nxf7+ Bxf7 39.Qxd4 Rxd4 40.Rxf7 Kg6 41.Ra7 Rg4+  1/2-1/2

[Event "Sochi"]
[Site "Sochi"]
[Date "1983.??.??"]
[Round "?"]
[White "Vaisser, Anatoli"]
[Black "Sveshnikov, Evgeny"]
[Result "1-0"]
[WhiteElo "2515"]
[BlackElo "2515"]

1.c4 c6 2.e4 d5 3.exd5 cxd5 4.d4 Nf6 5.Nc3 Nc6 6.Bg5 Qa5 7.Bxf6 exf6 8.cxd5 Bb4
9.Qd2 Ne7 10.Bb5+ Kd8 11.Nge2 Bxc3 12.Nxc3 Nxd5 13.a4 Be6 14.O-O Rc8 15.Rfc1 Nxc3
16.d5 Bd7 17.bxc3 Bxb5 18.axb5 Qxb5 19.Rcb1 Qc5 20.Rxb7 Qxc3 21.Qxc3 Rxc3
22.d6 Kc8 23.Rbxa7 Rd8 24.Rxf7 Rd7 25.Ra8+ Kb7 26.Rxd7+ Kxa8 27.h4 Rd3 28.Rxg7 h5
29.d7 Kb8 30.g4 hxg4 31.h5 Kc7 32.h6  1-0

[Event "Sochi"]
[Site "Sochi"]
[Date "1983.??.??"]
[Round "?"]
[White "Vaisser, Anatoli"]
[Black "Meduna, Eduard"]
[Result "1-0"]
[WhiteElo "2515"]
[BlackElo "2465"]

1.c4 c6 2.e4 d5 3.exd5 cxd5 4.cxd5 Nf6 5.Nc3 Nxd5 6.Nf3 Nc6 7.d4 e6 8.Bd3 Be7
9.O-O O-O 10.Re1 Bf6 11.a3 Nxc3 12.bxc3 b6 13.h4 Bxh4 14.Nxh4 Qxh4 15.Re3 g6
16.Rg3 Qe7 17.Bh6 Re8 18.Qf3 Bb7 19.Bg5 Qc7 20.Qf6 Qe7 21.Qf4 Qf8 22.Bf6 Ne7
23.c4 Nf5 24.Rh3 h5 25.Bxf5 exf5 26.Rxh5  1-0

[Event "BCF-ch"]
[Site "Southport"]
[Date "1983.??.??"]
[Round "10"]
[White "Nasir Ali, Syed"]
[Black "Knox, Victor W"]
[Result "0-1"]
[WhiteElo "2345"]
[BlackElo "2320"]

1.c4 c6 2.Nf3 d5 3.b3 Bf5 4.Bb2 e6 5.g3 h6 6.Bg2 Nf6 7.O-O Nbd7 8.d3 Be7
9.Nbd2 O-O 10.Re1 Bh7 11.Qc2 a5 12.a3 Re8 13.Rad1 Bf8 14.e4 dxe4 15.Nxe4 Nxe4
16.dxe4 Qc7 17.Qc3 Red8 18.Nd4 Nc5 19.f3 Qb6 20.Kf1 e5 21.Nc2 Qxb3 22.Qxb3 Nxb3
23.Ke2 f6 24.Bc3 Kh8 25.Rb1 Bg8 26.Ne3 a4 27.Bf1 Bxa3 28.Kf2 Bc5 29.Kg2 Bd4
30.Bb4 c5 31.Ba3 Bxe3 32.Rxe3 Rd2+ 33.Kg1 Rad8 34.Rbxb3 axb3 35.Rxb3 Rd1
36.Rc3 Ra1 37.Kf2 Rd2+ 38.Ke3 Rxh2 39.Bc1 Rh1 40.Kf2 Ra2+ 41.Ke1 Be6 42.g4 h5
43.Bd2 hxg4  0-1

[Event "Tatran Cup"]
[Site "Stary Smokovec"]
[Date "1983.??.??"]
[Round "5"]
[White "Ftacnik, Lubomir"]
[Black "Meduna, Eduard"]
[Result "1-0"]
[WhiteElo "2535"]
[BlackElo "2465"]

1.c4 c6 2.d4 d5 3.Nf3 Nf6 4.Nc3 dxc4 5.a4 Bf5 6.Ne5 Nbd7 7.Nxc4 Qc7 8.g3 e5
9.dxe5 Nxe5 10.Bf4 Nfd7 11.Bg2 f6 12.O-O Be6 13.Nxe5 fxe5 14.Be3 Bc5 15.Qc1 Bxe3
16.Qxe3 Qb6 17.Qd2 O-O 18.a5 Qd4 19.Rad1 Qxd2 20.Rxd2 a6 21.Ne4 Rad8 22.Rd6 Bd5
23.Rd1 Kf7 24.Ng5+ Ke7 25.R1xd5  1-0

[Event "Tatran Cup"]
[Site "Stary Smokovec"]
[Date "1983.??.??"]
[Round "9"]
[White "Azmaiparashvili, Zurab"]
[Black "Meduna, Eduard"]
[Result "1/2-1/2"]
[WhiteElo "2455"]
[BlackElo "2465"]

1.c4 c6 2.d4 d5 3.Nf3 Nf6 4.Qc2 Bg4 5.Ne5 e6 6.Nxg4 Nxg4 7.e3 Bd6 8.h3 Nf6
9.Nc3 O-O 10.Bd3 Nbd7 11.O-O Qe7 12.e4 dxc4 13.Bxc4 e5 14.d5 Nb6 15.Qb3 cxd5
16.Bxd5 Nbxd5 17.exd5 e4 18.Re1 Qe5 19.f4 Qf5 20.Qxb7 Bxf4 21.Bxf4 Qxf4 22.Re2 Rfb8
23.Qc6 Rd8 24.Rd1 Rac8 25.Qa4 Qc7 26.Qd4 h6 27.d6 Qc6 28.Kh2 Rd7 29.Nxe4 Nxe4
30.Qxe4 Rxd6 31.Qxc6 Rdxc6 32.Rd7 Rc2 33.Rxc2 Rxc2 34.Rb7 a5 35.a4 g5 36.Rb5 Kg7
37.b3 Rc3 38.Rxa5 Rxb3 39.Rb5 Ra3 40.a5 Kg6 41.Rb6+ f6 42.a6 h5  1/2-1/2

[Event "NOR-ch"]
[Site "Trondheim"]
[Date "1983.??.??"]
[Round "4"]
[White "Tiller, Bjorn"]
[Black "Brekken, Einar"]
[Result "1-0"]
[WhiteElo "2430"]
[BlackElo "2200"]

1.c4 c6 2.Nf3 d5 3.d4 Nf6 4.Qc2 e6 5.Bg5 Nbd7 6.e3 Be7 7.Nc3 O-O 8.Rd1 Qa5
9.a3 dxc4 10.Bxc4 h6 11.Bh4 Nb6 12.Ba2 Nbd5 13.Bb1 Nxc3 14.bxc3 g6 15.Ne5 Nd5
16.Nxg6 Bxh4 17.Ne7+ Kg7 18.Qh7+ Kf6 19.Nxd5+ exd5 20.Qxh6+ Ke7 21.Qxh4+ f6
22.O-O Be6 23.e4 dxe4 24.Rfe1 Rae8 25.Bxe4 Kd7 26.Bg6 Re7 27.Re3 Qxa3 28.Rde1 f5
29.Qh6 f4 30.Rxe6 Rxe6 31.Bf5  1-0

[Event "Tuzla"]
[Site "Tuzla"]
[Date "1983.??.??"]
[Round "7"]
[White "Dizdar, Goran"]
[Black "Kurajica, Bojan"]
[Result "1/2-1/2"]
[WhiteElo "2450"]
[BlackElo "2525"]

1.c4 c6 2.Nf3 d5 3.e3 Nf6 4.d4 g6 5.Nc3 Bg7 6.Be2 O-O 7.O-O b6 8.b4 Bb7 9.Bb2 e6
10.Qb3 Nbd7 11.Rfd1 Qe7 12.Rac1 Rfc8  1/2-1/2

[Event "Warsaw"]
[Site "Warsaw"]
[Date "1983.??.??"]
[Round "5"]
[White "Uhlmann, Wolfgang"]
[Black "Dorfman, Josif D"]
[Result "1/2-1/2"]
[WhiteElo "2505"]
[BlackElo "2540"]

1.c4 c6 2.d4 d5 3.Nc3 Nf6 4.Nf3 e6 5.Bg5 Nbd7 6.e3 Qa5 7.Bxf6 Nxf6 8.Nd2 g6
9.Bd3 Bg7 10.O-O O-O  1/2-1/2

[Event "Yerevan op"]
[Site "Yerevan"]
[Date "1983.??.??"]
[Round "1"]
[White "Yuferov, Sergey  N"]
[Black "Veltmander, Ioganess"]
[Result "1/2-1/2"]
[WhiteElo "2430"]
[BlackElo "2200"]

1.c4 c6 2.d4 d5 3.Nc3 Nf6 4.cxd5 cxd5 5.Bf4 e6 6.e3 Be7 7.Bd3 Nc6 8.Rc1 O-O
9.h3 Qb6 10.Qe2 Bd7 11.Nf3 Rfc8 12.O-O Qd8 13.Ne5 Be8 14.a3 a6 15.Nxc6 Rxc6
16.Bg5 Rac8 17.Na2 h6 18.Bh4 Rxc1 19.Rxc1 Rxc1+ 20.Nxc1 Bd6 21.f3 e5 22.Qc2 g5
23.Bf2 exd4 24.exd4 Nh5 25.Ne2 Nf4 26.Nxf4 Bxf4 27.g3 Bd6 28.Kg2 Qe7 29.Qc8 Qd7
30.Bf5 Qxc8 31.Bxc8 Bc6 32.Be1 Bc7 33.Bb4 Kg7 34.Kf2 h5 35.Bd2 f6 36.f4 Kg6
37.fxg5 fxg5 38.h4 gxh4 39.gxh4 Bd8 40.Kg3 Bf6 41.Be3 a5 42.b4  1/2-1/2

[Event "Yerevan op"]
[Site "Yerevan"]
[Date "1983.??.??"]
[Round "2"]
[White "Osnos, Viatcheslav"]
[Black "Filipenko, Alexander V"]
[Result "1/2-1/2"]
[WhiteElo "2455"]
[BlackElo "2370"]

1.c4 c6 2.e4 d5 3.cxd5 cxd5 4.exd5 Nf6 5.Nc3 Nxd5 6.Nf3 Nc6 7.d4 Bg4 8.Qb3 Bxf3
9.gxf3 e6 10.Qxb7 Nxd4 11.Bb5+ Nxb5 12.Qc6+ Ke7 13.Qxb5 Qd7 14.Nxd5+ Qxd5
15.Qxd5 exd5 16.Be3 Ke6 17.O-O-O Bb4 18.Kb1 Rhd8 19.a3 Ba5 20.Rhg1 g6 21.Rg4 Rd7
22.Ra4 Bc7 23.Ra6+ Kf5 24.h3 Be5 25.Ra5 Ke6 26.f4 Bh8 27.f5+ gxf5 28.Re1 f4
29.Bxf4+ Kf5 30.Bg3 Rc8 31.Re3 Bd4 32.Rb3 Bb6 33.Rab5 Rc5 34.Rxc5 Bxc5 35.Kc2 Ke4
36.f3+ Kf5 37.Rb5 Bg1 38.Kd3 f6 39.b4 Ke6 40.Bf4 Rg7 41.Be3 Bh2 42.Ra5 Rg3
43.Ke2 Rxh3 44.Rxa7 Be5 45.Ra6+ Kf5 46.Ra5 Rh2+ 47.Kd3 Ra2 48.Rxd5 Rxa3+
49.Ke2 Rb3 50.Rc5 Rb2+  1/2-1/2

[Event "Robert Silk Young Masters"]
[Site "London"]
[Date "1984.07.23"]
[Round "9"]
[White "Berg, Klaus"]
[Black "Hartston, William R"]
[Result "1/2-1/2"]
[WhiteElo "2375"]
[BlackElo "2440"]

1.c4 c6 2.e4 d5 3.exd5 cxd5 4.d4 Nf6 5.Nc3 g6 6.Qb3 Bg7 7.cxd5 O-O 8.Be2 Nbd7
9.Bf3 Nb6 10.Nge2 Bf5  1/2-1/2

[Event "Aarhus-A"]
[Site "Aarhus"]
[Date "1984.??.??"]
[Round "3"]
[White "Jacobsen, Bo"]
[Black "Knudsen, Per"]
[Result "1/2-1/2"]
[WhiteElo "2325"]
[BlackElo "2295"]

1.c4 c6 2.Nf3 Nf6 3.g3 d5 4.b3 Bg4 5.Bg2 e6 6.Bb2 Nbd7 7.O-O Be7 8.d3 O-O
9.Nbd2 a5 10.a3 Qb6 11.Qc2 Rfc8 12.Rab1 Qd8 13.e4 Qf8 14.Ra1 b5 15.h3 Bxf3
16.Nxf3 a4 17.b4 bxc4 18.dxc4 Nxe4 19.c5 Bf6 20.Bxf6 Nexf6 21.Rfe1 g6 22.Rad1 Qg7
23.Kh2 Ra7 24.Qc1 Ne4 25.Qe3 f5 26.Nd4 e5 27.Ne2 d4 28.Qf3 Ndf6 29.Kg1 Ng5
30.Qd3 Ne6 31.Qc4 Qf7 32.f4 exf4 33.gxf4 Rd7 34.Nxd4 Nxf4 35.Qxf7+ Rxf7 36.Bxc6 Nxh3+
37.Kf1 Nf4 38.Bxa4 Kg7 39.Bb3 Rfc7 40.Ne6+ Nxe6 41.Rxe6 Ne4 42.a4 h5 43.a5 h4
44.a6 g5 45.Bc2 Ng3+ 46.Kf2 Rb8 47.Rb6 Re8 48.Rb7 Re2+ 49.Kf3 Kf6 50.Bxf5 Kxf5
51.Rd5+ Ke6 52.Rxg5 Rc8 53.Rb6+ Kf7 54.Rxg3 Ree8 55.Rg5 h3 56.Rf5+ Kg7  1/2-1/2

[Event "Albena"]
[Site "Albena"]
[Date "1984.??.??"]
[Round "?"]
[White "Lechtynsky, Jiri"]
[Black "Farago, Ivan"]
[Result "1/2-1/2"]
[WhiteElo "2440"]
[BlackElo "2520"]

1.c4 c6 2.Nf3 d5 3.cxd5 cxd5 4.d4 Nc6 5.Nc3 Nf6 6.Bf4 Bf5 7.e3 e6 8.Bd3 Bxd3
9.Qxd3 Bd6 10.O-O O-O 11.Rac1  1/2-1/2

[Event "OHRA"]
[Site "Amsterdam"]
[Date "1984.??.??"]
[Round "6"]
[White "Eising, Johannes"]
[Black "Kuijf, Marinus"]
[Result "0-1"]
[WhiteElo "2355"]
[BlackElo "2405"]

1.c4 c6 2.e4 d5 3.exd5 cxd5 4.d4 Nf6 5.Nc3 Nc6 6.Nf3 Bg4 7.cxd5 Nxd5 8.Qb3 Bxf3
9.gxf3 Nb6 10.d5 Nd4 11.Qd1 e5 12.dxe6 Bc5 13.Bb5+ Kf8 14.Be3 Nxe6 15.O-O Bd4
16.f4 a6 17.f5 Bxe3 18.fxe3 Nc7 19.Be2 Ncd5 20.Nxd5 Nxd5 21.Qd4 Qg5+ 22.Kh1 Nxe3
23.Rg1 Nxf5 24.Qc5+ Qe7 25.Qxf5 Qxe2 26.Rgf1 f6 27.Rac1 Re8 28.Rfd1 h5 29.Rd7 h4
30.Rxg7 Kxg7 31.Rg1+ Kf7 32.Qd5+ Qe6 33.Qxb7+ Re7  0-1

[Event "URS-ch sf"]
[Site "Barnaul"]
[Date "1984.??.??"]
[Round "?"]
[White "Piesina, Gintautas"]
[Black "Smagin, Sergey"]
[Result "0-1"]
[WhiteElo "2355"]
[BlackElo "2355"]

1.c4 c6 2.d4 d5 3.Nc3 Nf6 4.Bg5 dxc4 5.a4 Qa5 6.Bd2 e5 7.Nf3 exd4 8.Nxd4 Qc5
9.Be3 Qh5 10.Bf4 Nbd7 11.e4 Qxd1+ 12.Rxd1 Bb4 13.Bxc4 Nb6 14.Bb3 Nxe4 15.O-O Bxc3
16.bxc3 O-O 17.a5 Nd5 18.Bxd5 cxd5 19.f3 Nxc3 20.Rc1 Na4 21.Rc7 Nb2 22.Rb1 Nc4
23.Re1 Be6 24.Rxb7 Nxa5 25.Re7 Nc4 26.Rb1 Rfe8 27.Rc7 a5 28.Rbb7 a4 29.Nxe6 Rxe6
30.Rxf7 Rg6  0-1

[Event "Beersheba"]
[Site "Beersheba"]
[Date "1984.??.??"]
[Round "1"]
[White "Murrey, Jacob"]
[Black "Shvidler, Eliahu"]
[Result "1-0"]
[WhiteElo "2435"]
[BlackElo "2445"]

1.c4 c6 2.Nf3 d5 3.e3 Nf6 4.Nc3 Bg4 5.Qb3 Qb6 6.Ne5 Qxb3 7.axb3 e6 8.d4 Bf5
9.c5 Nfd7 10.Nxd7 Kxd7 11.b4 Be7 12.f3 Re8 13.e4 Bg6 14.h4 h6 15.g4 Bf6 16.Be3 Kc8
17.e5 Bd8 18.h5 Bh7 19.Kd2 b5 20.cxb6 Bxb6 21.b5 Nd7 22.bxc6 Nxe5 23.Ba6+ Kd8
24.dxe5 d4 25.c7+ Kd7 26.Bxd4 Bxd4 27.Bb5+ Ke7 28.Bxe8 Rxe8 29.f4 Rc8 30.Nb5 Bb6
31.Rhc1  1-0